000 004750000a22001810004500
020 _a0-04-942008-7
041 0 _aENG
082 0 4 _aG 301.2 H866s
100 1 _aHowse, Ernest Marshall
245 1 0 _aSaints in politics / Ernest Marshall Howse
260 _aLondres, Inglaterra : George Allen & Unwin
300 _a215 Pag
001 9270
942 _cBK
999 _c39328
_d39328
336 _atexto
_btxt
_2rdacontent
337 _2rdamedia
_asin mediación
_bn
338 _2rdacarrier
_avolumen
_bnc